banner koha

Sequencial applications of herbicides in the management of weeds at an advanced stage of development (Registro n. 332117)

MARC details
000 -LÍDER
fixed length control field 01143nab a2200289 i 4500
003 - CÓDIGO MARC DA AGÊNCIA CATALOGADORA
Campo de controle BR-BrBNA
005 - DATA E HORA DA ÚLTIMA ATUALIZAÇÃO
Campo de controle 20250618105002.0
008 - CAMPO DE TAMANHO FIXO
fixed length control field 250618b2021 bl.ar|pooa||| 00| 0 eng |
040 ## - FONTE DA CATALOGAÇÃO
Agência catalogadora BR-BrBNA
Idioma da catalogação eng
072 ## - CATEGORIA AGRIS
Código AGRIS H60
Código do objeto 3876
100 ## - ENTRADA PRINCIPAL - NOME PESSOAL
Nome pessoal Jerônimo, Ana Victória
100 ## - ENTRADA PRINCIPAL - NOME PESSOAL
Nome pessoal Silva, Rafael Pires da
100 ## - ENTRADA PRINCIPAL - NOME PESSOAL
Nome pessoal Santos, Paulo Henrique V. dos
100 ## - ENTRADA PRINCIPAL - NOME PESSOAL
Nome pessoal Hirata, Andrea Cristina Silva
100 ## - ENTRADA PRINCIPAL - NOME PESSOAL
Nome pessoal Monquero, Patrícia Andrea
245 ## - TÍTULO PRINCIPAL
Título principal Sequencial applications of herbicides in the management of weeds at an advanced stage of development
500 ## - NOTA GERAL
Nota geral <br/><br/>Publicação online; 29 ref.; 5 tables; Summaries (En, Pt)
942 ## - ADDED ENTRY ELEMENTS (KOHA)
Koha item type Analítica
650 ## - ASSUNTO - THESAGRO
Cabeçalho tópico ou nome geográfico ERVA DANINHA
650 ## - ASSUNTO - THESAGRO
Cabeçalho tópico ou nome geográfico VASSOURINHA
650 ## - ASSUNTO - THESAGRO
Cabeçalho tópico ou nome geográfico TRAPOERABA
650 ## - ASSUNTO - THESAGRO
Cabeçalho tópico ou nome geográfico CONTROLE QUÍMICO
650 ## - ASSUNTO - THESAGRO
Cabeçalho tópico ou nome geográfico HERBICIDA
773 0# - ENTRADA ANALÍTICA
Host Biblionumber 3551
Registro do item 345999
Imprenta Belém-PA Faculdade de Ciências Agrárias do Pará 1999
Outro identificador 2024-6648
Título Revista de Ciências Agrárias (Brazil)
ISSN 1517-591X Impresso/Versão online ISSN 2177-8760
Colação v. 64 p. 1-10; (2021)
Número de controle de registro BR2025003906
856 ## - ACESSO E ENDEREÇO ELETRÔNICO
Identificador uniforme de recurso - URI https://ajaes.ufra.edu.br/index.php/ajaes/article/view/3394/1622

Nenhum exemplar disponível.

BINAGRI

Telefone: (61)3218-2567/2388/3357/2097 - binagri@agro.gov.br

Ministério da Agricultura e Pecuária , Esplanada dos Ministérios, Bloco D, Anexo B, Brasília/DF, CEP: 70.043-900